000 01101cam a22003497a 4500
003 CHAP
005 20220817043459.0
008 981007d1998 it r 11 eng d
010 _a76358
011 _a77330
020 _a9251041164
035 _a86934
040 _cCHAP
082 0 4 _a632.93
_bF3 v.145
110 2 _aFAO
245 1 0 _aPesticide residues in food-1997
_c/by FAO
260 _aRome :
_bFAO,
_c1998.
300 _a244 p.
490 0 _aFAO. Producción y protección vegetal
_v; 145
590 _aBATCH-UPD
_b10
_c20130110
_lUCH01
_h1753
590 _aBATCH-UPD
_b10
_c20130410
_lUCH01
_h1130
590 _aBATCH-UPD
_b10
_c20130914
_lUCH01
_h0153
590 _aCONVERSION
_b10
_c20130109
_lUCH01
_h1342
650 1 4 _aAlimentos
_xContaminacion por pesticidas.
_94208
650 1 4 _aPesticidas
_xResiduos.
_987570
650 1 4 _aPesticidas
_xToxicidad.
_987571
830 0 _aFAO. Producción y protección vegetal
_v; 145
_939654
901 _aBK
905 _aLilia Sánchez G.
942 _cLIBRO
949 _a632.93 F3 v.145
_bBC
_cFAO
_d33724000707998
_eFAO1
_h94400
_i86934
_kDonaciØn
_sb
999 _c76358
_d76358